Southville International School and Colleges
Your cart is empty.
  • Cart
  • Lists
    Public lists Eva Luna New books Lux_list list_1
    Your lists Log in to create your own lists
  • Log in to your account
  • Your cookies
  • Search history
Southville International School and Colleges
  • Advanced search
  • Recent comments
  • Most popular
  • Libraries

Log in to your account

Log in with GOOGLE


If you do not have an external account, but do have a local account, you can still log in:

  1. Home
  2. MARC view: Table decorations with fruits and vegetables /
Normal view MARC view ISBD view

Table decorations with fruits and vegetables / (Record no. 358052)

[ view plain ]
MARC details
000 -LEADER
fixed length control field 00627nam a2200229Ia 4500
008 - FIXED-LENGTH DATA ELEMENTS--GENERAL INFORMATION
fixed length control field 180620s9999 xx 000 0 und d
020 ## - INTERNATIONAL STANDARD BOOK NUMBER
International Standard Book Number 978-0-7643-3510-5
050 ## - LIBRARY OF CONGRESS CALL NUMBER
Classification number REF TX 740.5
050 ## - LIBRARY OF CONGRESS CALL NUMBER
Item number .N48 2010
100 ## - MAIN ENTRY--PERSONAL NAME
Personal name Neumayer, Angkana
245 #0 - TITLE STATEMENT
Title Table decorations with fruits and vegetables /
245 #0 - TITLE STATEMENT
Statement of responsibility, etc Angkana Neumayer & Alex Neumayer.
260 ## - PUBLICATION, DISTRIBUTION, ETC. (IMPRINT)
Place of publication, distribution, etc Atglen, PA :
260 ## - PUBLICATION, DISTRIBUTION, ETC. (IMPRINT)
Name of publisher, distributor, etc Schiffer Publishing,
260 ## - PUBLICATION, DISTRIBUTION, ETC. (IMPRINT)
Date of publication, distribution, etc 2010
300 ## - PHYSICAL DESCRIPTION
Extent 128 pages :
300 ## - PHYSICAL DESCRIPTION
Other physical details colored illustrations ;
300 ## - PHYSICAL DESCRIPTION
Dimensions 29 cm.
650 ## - SUBJECT ADDED ENTRY--TOPICAL TERM
Topical term or geographic name as entry element Garnishes (Cooking).
650 ## - SUBJECT ADDED ENTRY--TOPICAL TERM
Topical term or geographic name as entry element Vegetable carving.
650 ## - SUBJECT ADDED ENTRY--TOPICAL TERM
General subdivision Fruit carving.
Holdings
Withdrawn status Lost status Damaged status Home library Current library Shelving location Date acquired Cost, normal purchase price Total Checkouts Full call number Barcode Date last seen Price effective from Koha item type
      South Mansfield College South Mansfield College Reference Section   1349.00   REF TX 740.5 .N48 2010 SMC05271 06/20/2018 06/20/2018  

Table decorations with fruits and vegetables /

APA

Neumayer A., .Table decorations with fruits and vegetables. Atglen, PA: .

Chicago

Neumayer Angkana, .Table decorations with fruits and vegetables. Atglen, PA: .

Harvard

Neumayer A., .Table decorations with fruits and vegetables. Atglen, PA: .

MLA

Neumayer Angkana, .Atglen, PA: . .

  • Place hold
  • Print
  • Cite
  • Add to your cart (remove)
  • Save record
    BIBTEX Dublin Core MARCXML MARC (non-Unicode/MARC-8) MARC (Unicode/UTF-8) MARC (Unicode/UTF-8, Standard) MODS (XML) RIS
  • More searches
    Search for this title in:
    Other Libraries (WorldCat) Other Databases (Google Scholar) Online Stores (Bookfinder.com) Open Library (openlibrary.org)

Exporting to Dublin Core...

SOUTHVILLE LIBRARY

Southville International School and Colleges Library

1281 Tropical Ave. Cor. Luxembourg St., BF Homes International, Las Pinas City

Tel. No. 8256374 / 252358 Loc. 117/146

Powered by Koha